LEADER 00819nam0 2200253 450 001 9910991293803321 005 20250410122746.0 010 $a9791222741475 100 $a20250410d2025----km y0itay50 ba 101 $aita 102 $aIT 105 $aa 001yy 200 1 $aOltre il DNA$eViaggio nell'epigenetica : scoprire l'nfluenza nascosta dell'ambiente dello stile di vita sulla nostra eredità biologica e le nuove frontiere della medicina personalizzata$fAutori vari 210 $aMilano$cEpigetica Edizioni$dc2025 215 $a332 p.$cill.$d28 cm 610 0 $aEpigenetica 676 $a572.86$v23$zita 711 0 $aItalia$bEpigenetica$01802640 901 $aBK 912 $a9910991293803321 952 $a572.86-EPI-1$b205/2025$fSC1 959 $aSC1 996 $aOltre il DNA$94348674 997 $aUNINA LEADER 01484nam a22003011i 4500 001 991000901069707536 005 20250526101701.0 008 021104s1965 fr a dr 001|i fre d 035 $ab1207133x-39ule_inst 035 $aARCHE-016113$9ExL 040 $aDip.to Filologia Ling. e Lett.$bita$cA.t.i. Arché s.c.r.l. Pandora Sicilia s.r.l.$dSocioculturale Scs 082 04$a846$223. 100 1 $aPascal, Blaise$028760 245 14$aLes Provinciales, ou Les Lettres écrites par Louis de Montalte à un provincial de ses amis et aux RR. PP. Jésuites /$cPascal ; [Introduction, sommaire biographique, notes et relevé des variantes par Louis Cognet] 246 10$aLes Lettres écrites par Louis de Montalte à un provincial de ses amis et aux RR. PP. Jésuites 260 $aParis :$bGarnier,$c1965 300 $aXCV, 503 p., [13] carte di tav. :$bill. ;$c19 cm 490 1 $aClassiques Garnier 500 $aLouis de Montalte è pseudonimo di Blaise Pascal 650 4$aMontalte, Louis : de$xLettere e carteggi 700 1 $aCognet, Louis 830 0$aClassiques Garnier 907 $a.b1207133x$b28-04-17$c01-04-03 912 $a991000901069707536 945 $aLE008 FL.M. FR. I D 5$g1$i2008000192600$lle008$o-$pE0.00$q-$rl$s-$t0$u0$v0$w0$x0$y.i12368659$z01-04-03 996 $aProvinciales, ou les Lettres ecrites par Louis de Montalte a un provincial de ses amis et aux RR. PP. Jesuites$9139266 997 $aUNISALENTO 998 $ale008$b01-04-03$cm$da$e-$ffre$gfr$h4$i1